Finančná analýza a jej využitie

Vplyv vstupu Slovenska do Európskej menovej únie na finančnú analýzu. Využitie finančnej analýzy. Finančná analýza využíva údaje z minulosti a je spojená s riadením budúceho vývoja, čo sa považuje za jej pravé poslanie. Tým, že finančná analýza odhaľuje slabé i silné stránky finančnej situácie podni...

Ausführliche Beschreibung

Gespeichert in:
Bibliographische Detailangaben
1. Verfasser: Kubaščíková, Zuzana, 1982-
Format: Buchkapitel
Sprache:Slowakisch
Schlagworte:
Tags: Tag hinzufügen
Keine Tags, Fügen Sie das erste Tag hinzu!

MARC

LEADER 00000nla$a2200000$$$4500
001 0088322
005 20240502072005.3
041 0 |a slo 
044 |a SK 
245 1 0 |a Finančná analýza a jej využitie  |c Zuzana Kubaščíková 
520 |a Vplyv vstupu Slovenska do Európskej menovej únie na finančnú analýzu. Využitie finančnej analýzy. Finančná analýza využíva údaje z minulosti a je spojená s riadením budúceho vývoja, čo sa považuje za jej pravé poslanie. Tým, že finančná analýza odhaľuje slabé i silné stránky finančnej situácie podniku a ich príčiny, umožňuje prijať pre kratší a dlhší časový horizont správny podnikateľský zámer a rozpracovať ho do plánov budúceho obdobia. 
610 2 0 |a podnik 
610 2 0 |a analýza finančná 
610 2 0 |a zámery podnikateľské 
610 2 0 |a plán podnikový 
100 1 |a Kubaščíková, Zuzana, 1982-